| 000 | 00460nam a2200181Ia 4500 | ||
|---|---|---|---|
| 005 | 20240913130009.0 | ||
| 008 | 240913s9999||||xx |||||||||||||| ||und|| | ||
| 041 | _aENGLISH | ||
| 082 | _A020.285 Q4 | ||
| 100 | _aKaul H K | ||
| 245 | 0 | _aKnowledge, Library and Information Networking NACLIN 2014 | |
| 250 | _a1st | ||
| 260 |
_c2014 _bDeveloping Library Ne |
||
| 500 | _aREFERENCE | ||
| 650 |
_aLibrary Science _bGeneral |
||
| 942 | _cREF | ||
| 999 |
_c246734 _d246734 |
||